000
00227 a2200097 4500
001
38391
100
_a
Layton S
245
_a
How to plan your competitive strategy
260
_a
G Br
_b
Kogan Page
_c
1995
090
_c
24377
_d
24377
942
_a
NUST-CAE
_c
M
_c
15977
999
_c
273464
_d
273464